[Event "Capablanca Memorial (Elite)"]
[Site "Havana CUB"]
[Date "2004.05.16"]
[EventDate "2004.05.06"]
[Round "9"]
[Result "0-1"]
[White "Viacheslav Ikonnikov"]
[Black "Leinier Dominguez Perez"]
[WhiteElo "2556"]
[BlackElo "2612"]
[PlyCount "76"]

1. d4 d5 2. Nf3 Nf6 3. c4 c6 4. cxd5 cxd5 5. Nc3 Nc6 6. Bf4
Bf5 7. e3 e6 8. Bd3 Bxd3 9. Qxd3 Be7 10. O-O O-O 11. Rfc1 Rc8
12. a3 Nd7 13. Nd2 Nb6 14. b4 Nc4 15. Nxc4 dxc4 16. Qxc4 Nxb4
17. Qe2 Nd5 18. Nxd5 Qxd5 19. a4 Rc6 20. Rxc6 Qxc6 21. Qb5 Rc8
22. Qxc6 Rxc6 23. e4 Rc4 24. Be3 Kf8 25. Rc1 Rxc1+ 26. Bxc1
Ke8 27. Kf1 Kd7 28. Ke2 Kc6 29. Kd3 b5 30. a5 Bb4 31. Bd2 Bxd2
32. Kxd2 b4 33. Kd3 Kb5 34. a6 Kxa6 35. Kc4 Ka5 36. d5 exd5+
37. exd5 b3 38. d6 Kb6 0-1

[Event "Capablanca Memorial (Elite)"]
[Site "Havana CUB"]
[Date "2004.05.17"]
[EventDate "2004.05.06"]
[Round "10"]
[Result "1-0"]
[White "Leinier Dominguez Perez"]
[Black "Jens-Uwe Maiwald"]
[WhiteElo "2612"]
[BlackElo "2543"]
[PlyCount "65"]

1. e4 c5 2. Nf3 e6 3. d4 cxd4 4. Nxd4 a6 5. c4 Nf6 6. Nc3 Qc7
7. a3 b6 8. Be3 Bb7 9. f3 Be7 10. Rc1 d6 11. Be2 Nbd7 12. O-O
O-O 13. b4 Rac8 14. Qd2 Qb8 15. Kh1 Bd8 16. Rc2 Bc7 17. Bg1
Rfd8 18. Na4 Qa8 19. Nb2 Bb8 20. Rfc1 Re8 21. Bf1 h5 22. Qg5
Bc7 23. Nd3 Bd8 24. Qg3 Bc7 25. Qf2 Bd8 26. Qg3 Bc7 27. Qe1
Qb8 28. Be2 Nf8 29. c5 dxc5 30. bxc5 Rcd8 31. Rb1 b5 32. a4 e5
33. axb5 1-0

[Event "36th Olympiad"]
[Site "Calvia ESP"]
[Date "2004.10.17"]
[EventDate "2004.10.15"]
[Round "2"]
[Result "0-1"]
[White "Hannes Hlifar Stefansson"]
[Black "Leinier Dominguez Perez"]
[WhiteElo "2549"]
[BlackElo "2645"]
[PlyCount "66"]

1. d4 d5 2. c4 c6 3. Nf3 Nf6 4. Nc3 dxc4 5. a4 Bf5 6. e3 e6
7. Bxc4 Bb4 8. O-O Nbd7 9. Qe2 Bg4 10. h3 Bxf3 11. Qxf3 O-O
12. Rd1 Rc8 13. e4 e5 14. Be3 Qa5 15. Ne2 exd4 16. Bxd4 Ne5
17. Qb3 Rce8 18. Ng3 g6 19. Rac1 Nfd7 20. Qe3 Nxc4 21. Rxc4 c5
22. Qh6 cxd4 23. Rdxd4 Be7 24. Nf5 gxf5 25. Rxd7 Qe5 26. exf5
Bf6 27. Rg4+ Kh8 28. Rxb7 Bg7 29. Qd2 Rd8 30. Qc2 Qe1+ 31. Kh2
Be5+ 32. f4 Bd4 33. h4 h5 0-1

[Event "36th Olympiad"]
[Site "Calvia ESP"]
[Date "2004.10.19"]
[EventDate "2004.10.15"]
[Round "5"]
[Result "1/2-1/2"]
[White "Laurent Fressinet"]
[Black "Leinier Dominguez Perez"]
[WhiteElo "2640"]
[BlackElo "2645"]
[PlyCount "130"]

1. e4 c5 2. Nf3 d6 3. d4 cxd4 4. Nxd4 Nf6 5. Nc3 a6 6. Be2 e5
7. Nb3 Be7 8. O-O O-O 9. Qd3 Be6 10. f4 b5 11. a4 Nc6 12. Be3
Rc8 13. axb5 Nb4 14. Qd2 axb5 15. Bxb5 Ng4 16. Ba7 exf4
17. Ra4 Qc7 18. Bd4 Nc6 19. Bxc6 Qxc6 20. Qxf4 f5 21. Ra7 Rc7
22. Rxc7 Qxc7 23. exf5 Rxf5 24. Qe4 Rxf1+ 25. Kxf1 Qc4+
26. Kg1 Nf6 27. Qe2 Qxe2 28. Nxe2 Nd5 29. Nbc1 Bf5 30. Nd3 Kf7
31. Kf2 g5 32. g3 h5 33. Nc3 Nf6 34. b4 Ne4+ 35. Nxe4 Bxe4
36. b5 Ke6 37. Ke3 Kf5 38. Nb4 g4 39. c4 Bg5+ 40. Ke2 Bf3+
41. Kd3 Be4+ 42. Kc3 Bb7 43. Kd3 Be4+ 44. Kc3 Bb7 45. Nd3 h4
46. gxh4 Bxh4 47. Bf2 Bf6+ 48. Kd2 Ke4 49. Ke2 Bc8 50. Be3 Bh4
51. Nb4 Bf6 52. Nd5 Be5 53. Bg1 Bb7 54. Nb4 Bd4 55. Bxd4 Kxd4
56. Nc6+ Kc5 57. Na5 Ba8 58. Kd3 d5 59. Nb3+ Kb4 60. cxd5 Bxd5
61. Nd4 Bc4+ 62. Ke4 Bxb5 63. Kf4 Bd7 64. Nf5 Bxf5 65. Kxf5
Kc5 1/2-1/2

[Event "36th Olympiad"]
[Site "Calvia ESP"]
[Date "2004.10.22"]
[EventDate "2004.10.15"]
[Round "7"]
[Result "1/2-1/2"]
[White "Zurab Alekseyevich Azmaiparashvili"]
[Black "Leinier Dominguez Perez"]
[WhiteElo "2672"]
[BlackElo "2645"]
[PlyCount "224"]

1. d4 d5 2. c4 c6 3. Nf3 Nf6 4. e3 Bf5 5. Nc3 e6 6. Nh4 Bg6
7. Nxg6 hxg6 8. g3 Nbd7 9. Qe2 Be7 10. Bg2 dxc4 11. Qxc4 e5
12. O-O Nb6 13. Qe2 exd4 14. Rd1 O-O 15. Rxd4 Qc7 16. b3 Rad8
17. Rxd8 Rxd8 18. e4 Bc5 19. Be3 Qe5 20. Rd1 Rxd1+ 21. Nxd1
Bxe3 22. Qxe3 g5 23. h3 g6 24. Qc3 Nbd7 25. Qxe5 Nxe5 26. Kf1
Kf8 27. Ke2 Nh5 28. Ke3 Ke7 29. Nb2 Kd6 30. Bf1 b5 31. Be2 Ng7
32. f4 gxf4+ 33. gxf4 Nd7 34. Nd3 a5 35. Bg4 f5 36. e5+ Kc7
37. Bf3 Kb6 38. b4 c5 39. bxa5+ Kxa5 40. Bc6 Nb8 41. Bd5 c4
42. Ne1 Nd7 43. Nc2 Nb6 44. Bf7 b4 45. Kd4 Kb5 46. Ne3 c3
47. e6 Kc6 48. Nc2 Kd6 49. e7 Kxe7 50. Bb3 Ne6+ 51. Ke3 g5
52. fxg5 f4+ 53. Kf3 Nxg5+ 54. Kg4 Kf6 55. h4 Ne4 56. Nxb4 Nc5
57. Bc2 Ne6 58. Bb3 Nc5 59. Kxf4 Kg6 60. Bc2+ Kh5 61. Ke5 Kxh4
62. Kd6 Ncd7 63. Bb3 Kg5 64. Kc6 Kf6 65. Nc2 Ke7 66. Nd4 Nc8
67. Kc7 Ncb6 68. Nc6+ Ke8 69. Nd4 Ke7 70. Ne2 c2 71. Nc1 Na8+
72. Kc6 Kd8 73. Bxc2 Nc7 74. Nb3 Na6 75. a3 Ne5+ 76. Kb7 Nc7
77. Nd4 Nc4 78. a4 Nd5 79. Bd3 Nc3 80. Bxc4 Nxa4 81. Kc6 Nc3
82. Bd3 Ke7 83. Bc2 Kf6 84. Kd6 Kg5 85. Ke5 Kg4 86. Nf5 Kf3
87. Bd3 Ne2 88. Ba6 Kf2 89. Bb7 Ng3 90. Nh6 Ne2 91. Bc6 Ke3
92. Nf5+ Kf2 93. Bb5 Kf3 94. Nd6 Kf2 95. Ba6 Kf3 96. Nc4 Kf2
97. Ke4 Ng3+ 98. Kd3 Kf3 99. Ne3 Kf4 100. Bc8 Ne4 101. Kd4 Ng3
102. Ng2+ Kf3 103. Ne1+ Ke2 104. Nd3 Kd2 105. Ba6 Ne2+
106. Ke4 Nc3+ 107. Kf3 Ne2 108. Ne5 Nd4+ 109. Kf2 Kc3 110. Nd7
Kb4 111. Ke3 Nf5+ 112. Kd3 Ne7 1/2-1/2

[Event "36th Olympiad"]
[Site "Calvia ESP"]
[Date "2004.10.24"]
[EventDate "2004.10.15"]
[Round "9"]
[Result "1-0"]
[White "Leinier Dominguez Perez"]
[Black "Peter Heine Nielsen"]
[WhiteElo "2645"]
[BlackElo "2663"]
[PlyCount "121"]

1. e4 c6 2. d4 d5 3. Nd2 dxe4 4. Nxe4 Bf5 5. Ng3 Bg6 6. h4 h6
7. Nf3 Nd7 8. h5 Bh7 9. Bd3 Bxd3 10. Qxd3 e6 11. Bf4 Qa5+
12. Bd2 Bb4 13. c3 Be7 14. c4 Qa6 15. O-O Ngf6 16. Rfe1 Rd8
17. Nh4 Nc5 18. Qe2 Rxd4 19. Nhf5 Qxc4 20. Nxd4 Qxd4 21. Nf5
Qe4 22. Nxe7 Kxe7 23. Qd1 Qf5 24. Bb4 Rd8 25. Qf3 Rd5 26. Qa3
Nfd7 27. Rad1 Qxh5 28. Rxd5 Qxd5 29. Rc1 b6 30. Qxa7 h5
31. Bxc5+ bxc5 32. Qa4 Qd2 33. Qc2 Qxc2 34. Rxc2 Kd6 35. Rc3
g5 36. Rd3+ Kc7 37. Rh3 h4 38. f4 gxf4 39. Rxh4 f5 40. Rh7 c4
41. Kf2 Kd6 42. a4 Nf6 43. Rg7 Ne4+ 44. Kf3 e5 45. a5 Nc5
46. Rf7 Ke6 47. Ra7 Kd5 48. a6 Kd6 49. Ra8 Kc7 50. a7 Kb7
51. Re8 Kxa7 52. Rxe5 Nd3 53. Rxf5 Ne1+ 54. Kf2 Nd3+ 55. Ke2
Kb6 56. b3 Nc1+ 57. Kd1 Nxb3 58. Rxf4 Kc5 59. g4 Nd4 60. g5
Ne6 61. Rf7 1-0

[Event "Karpov Poikovsky"]
[Site "Poikovsky RUS"]
[Date "2005.02.28"]
[EventDate "2005.02.26"]
[Round "3"]
[Result "1/2-1/2"]
[White "Etienne Bacrot"]
[Black "Leinier Dominguez Perez"]
[WhiteElo "2715"]
[BlackElo "2661"]
[PlyCount "103"]

1. e4 c5 2. Nf3 d6 3. d4 cxd4 4. Nxd4 Nf6 5. Nc3 a6 6. Be3 e6
7. f3 b5 8. g4 h6 9. Qd2 b4 10. Na4 Nbd7 11. O-O-O Ne5 12. Nb3
Rb8 13. Ba7 Rb7 14. Qf2 Bd7 15. Bd4 Qc7 16. Bxe5 dxe5 17. Nac5
Qb6 18. Qg1 Ra7 19. Nd3 Qxg1 20. Rxg1 Bd6 21. f4 Bc7 22. fxe5
Nxe4 23. Bg2 Ng5 24. Rge1 Ke7 25. Nxb4 Rc8 26. h4 Nh7 27. Nd4
Ke8 28. Nbc6 Raa8 29. Nb4 Ra7 30. Nbc6 Raa8 31. Rd3 Nf8 32. h5
Bb6 33. Rb3 Bc5 34. Rb7 a5 35. Rb5 Bxd4 36. Nxd4 Ra7 37. Rb7
Rxb7 38. Bxb7 Rc7 39. Bf3 f6 40. Kd2 Kf7 41. b3 Rc5 42. exf6
gxf6 43. c4 Nh7 44. Be4 Ng5 45. Bg6+ Ke7 46. Re3 Nf7 47. Bd3
Rg5 48. Be2 e5 49. c5 Bxg4 50. Bxg4 Rxg4 51. Nc6+ Ke6 52. Nxa5
1/2-1/2

[Event "Karpov Poikovsky"]
[Site "Poikovsky RUS"]
[Date "2005.03.04"]
[EventDate "2005.02.26"]
[Round "6"]
[Result "1-0"]
[White "Leinier Dominguez Perez"]
[Black "Darmen Sadvakasov"]
[WhiteElo "2661"]
[BlackElo "2635"]
[PlyCount "123"]

1. e4 e6 2. d4 d5 3. Nc3 Nf6 4. e5 Nfd7 5. f4 c5 6. Nf3 Nc6
7. Be3 cxd4 8. Nxd4 Bc5 9. Qd2 Nxd4 10. Bxd4 Bxd4 11. Qxd4 Qb6
12. Qxb6 Nxb6 13. Nb5 Ke7 14. Nd4 Bd7 15. Bd3 f6 16. Nf3 Raf8
17. O-O Na4 18. b3 Nc5 19. Rae1 f5 20. h4 h6 21. g3 a6 22. Kf2
Be8 23. Ke3 Bh5 24. Nd4 Bg4 25. Rc1 Rd8 26. b4 Ne4 27. Bxe4
dxe4 28. c4 g5 29. hxg5 hxg5 30. Rh1 gxf4+ 31. gxf4 Bh5 32. c5
Kf7 33. Rh2 Bf3 34. Rxh8 Rxh8 35. Nxf3 exf3 36. Rd1 Ke7
37. Rd6 Rh2 38. Kxf3 a5 39. Rb6 axb4 40. Rxb7+ Kd8 41. Rxb4
Rxa2 42. Kg3 Kd7 43. Rb6 Rc2 44. Rd6+ Ke7 45. c6 Rc4 46. Rd7+
Ke8 47. Rd6 Ke7 48. Rd7+ Ke8 49. Rh7 Rxc6 50. Kh4 Kf8 51. Kg5
Kg8 52. Kg6 Rc4 53. Ra7 Kf8 54. Kf6 Kg8 55. Kg6 Kf8 56. Kf6
Kg8 57. Kxe6 Rxf4 58. Kf6 Re4 59. e6 f4 60. Rg7+ Kh8 61. Rg4
Re1 62. Kf7 1-0

[Event "Karpov Poikovsky"]
[Site "Poikovsky RUS"]
[Date "2005.03.05"]
[EventDate "2005.02.26"]
[Round "7"]
[Result "1/2-1/2"]
[White "Peter Svidler"]
[Black "Leinier Dominguez Perez"]
[WhiteElo "2735"]
[BlackElo "2661"]
[PlyCount "55"]

1. e4 e5 2. Nf3 Nf6 3. Nxe5 d6 4. Nf3 Nxe4 5. d4 d5 6. Bd3 Nc6
7. O-O Be7 8. c4 Nb4 9. Be2 O-O 10. Nc3 Bf5 11. a3 Nxc3
12. bxc3 Nc6 13. Re1 Re8 14. cxd5 Qxd5 15. Bf4 Rac8 16. h3 h6
17. Qa4 Bd7 18. Qc2 Qf5 19. Qxf5 Bxf5 20. d5 Na5 21. Nd4 Bd7
22. Nb5 Bxb5 23. Bxb5 c6 24. Ba4 Bg5 25. Bxg5 Rxe1+ 26. Rxe1
hxg5 27. dxc6 Nxc6 28. Bxc6 1/2-1/2

[Event "XIII Dos Hermanas"]
[Site "Dos Hermanas ESP"]
[Date "2005.04.02"]
[EventDate "2005.04.01"]
[Round "2"]
[Result "1/2-1/2"]
[White "Leinier Dominguez Perez"]
[Black "Oleg Korneev"]
[WhiteElo "2658"]
[BlackElo "2611"]
[PlyCount "65"]

1. e4 e5 2. Nf3 Nf6 3. Nxe5 d6 4. Nf3 Nxe4 5. d4 d5 6. Bd3 Nc6
7. O-O Be7 8. c4 Nb4 9. Be2 O-O 10. a3 Nc6 11. Qc2 Nf6 12. c5
Bg4 13. Be3 Ne4 14. Nc3 Nxc3 15. bxc3 Na5 16. Bd3 Bxf3
17. gxf3 g6 18. Kh1 Kh8 19. Rg1 b6 20. Rg3 Nc4 21. h4 bxc5
22. h5 Bd6 23. Bg5 f6 24. Bh6 Bxg3 25. hxg6 hxg6 26. fxg3 f5
27. Bxf8 Qxf8 28. Bxc4 dxc4 29. Qe2 Re8 30. Qd2 cxd4 31. Qxd4+
Kh7 32. Qxa7 Qd6 33. Qd4 1/2-1/2

[Event "XIII Dos Hermanas"]
[Site "Dos Hermanas ESP"]
[Date "2005.04.03"]
[EventDate "2005.04.01"]
[Round "3"]
[Result "1-0"]
[White "Sergey Karjakin"]
[Black "Leinier Dominguez Perez"]
[WhiteElo "2635"]
[BlackElo "2658"]
[PlyCount "123"]

1. e4 c5 2. Nf3 d6 3. d4 cxd4 4. Nxd4 Nf6 5. Nc3 a6 6. Be3 e5
7. Nb3 Be7 8. f3 Be6 9. Qd2 O-O 10. O-O-O a5 11. Qe1 Qc8
12. a4 Nc6 13. g4 Nb4 14. Kb1 Ne8 15. Qf2 b5 16. Nxb5 d5
17. exd5 Bxd5 18. Nc3 Bxb3 19. cxb3 Qe6 20. Bc4 Qg6+ 21. Ne4
Nf6 22. Qg2 Rad8 23. Bd2 Nxe4 24. fxe4 Rd4 25. Bxb4 Bxb4
26. Rxd4 exd4 27. Rf1 Kh8 28. Rf5 f6 29. Rd5 Qe8 30. Ka2 Qe7
31. Rxd4 Rd8 32. Bd5 Rc8 33. h4 Bd6 34. Bc4 Bc5 35. Rd3 Bb4
36. Qf3 Rd8 37. Bd5 Qe5 38. Qf2 Qe7 39. Rf3 Bc5 40. Qc2 Bb4
41. Rf5 Qd6 42. Qf2 Bc5 43. Qe2 Bd4 44. Qd2 Qb6 45. g5 Be5
46. h5 Qc7 47. gxf6 gxf6 48. h6 Rc8 49. Qg2 Qe7 50. Rf1 Qf8
51. Rg1 f5 52. exf5 Bf6 53. Bc4 Bd4 54. Rd1 Bf6 55. Qb7 Rb8
56. Qc7 Ra8 57. Qf4 Rd8 58. Rg1 Qe7 59. Qg4 Qf8 60. Rg2 Rb8
61. Qf4 Rb4 62. Qd6 1-0

[Event "XIII Dos Hermanas"]
[Site "Dos Hermanas ESP"]
[Date "2005.04.05"]
[EventDate "2005.04.01"]
[Round "5"]
[Result "1/2-1/2"]
[White "Alexander Rustemov"]
[Black "Leinier Dominguez Perez"]
[WhiteElo "2573"]
[BlackElo "2658"]
[PlyCount "122"]

1. d4 d5 2. c4 c6 3. Nf3 Nf6 4. e3 e6 5. b3 Nbd7 6. Bb2 b6
7. Nbd2 Bb7 8. Bd3 Be7 9. O-O O-O 10. Qe2 c5 11. cxd5 Nxd5
12. Rfd1 Qc7 13. Rac1 Rad8 14. Nc4 Qb8 15. Bb1 N5f6 16. Nfe5
cxd4 17. Bxd4 Nxe5 18. Bxe5 Qa8 19. f3 Rxd1+ 20. Rxd1 Rd8
21. Kf2 Bd5 22. Bd3 Qc8 23. Qc2 h6 24. Nb2 Qxc2+ 25. Bxc2 Rc8
26. Bb1 Kf8 27. e4 Bc6 28. Nc4 Ne8 29. Ke2 Bb5 30. Bd3 Rd8
31. h3 Bc6 32. Bb2 Bb7 33. Ne5 Nf6 34. g4 Nd7 35. Rc1 Nxe5
36. Bxe5 Rc8 37. Rxc8+ Bxc8 38. f4 Bc5 39. Bc3 a5 40. e5 Bb7
41. h4 Bc6 42. Bd2 Ke7 43. Be3 Bxe3 44. Kxe3 Kd8 45. a3 Ke7
46. Be2 Bd5 47. Bd1 Kd8 48. Kd4 Ke7 49. g5 hxg5 50. fxg5 g6
51. Kc3 Bc6 52. b4 axb4+ 53. Kxb4 Kd7 54. Be2 Kd8 55. Bb5 Kc7
56. Be2 Kd8 57. Bd3 Kd7 58. Kc3 Kd8 59. Kd4 Kd7 60. Be2 Kd8
61. Bg4 Kd7 1/2-1/2

[Event "XIII Dos Hermanas"]
[Site "Dos Hermanas ESP"]
[Date "2005.04.08"]
[EventDate "2005.04.01"]
[Round "8"]
[Result "1/2-1/2"]
[White "Leinier Dominguez Perez"]
[Black "Ruben Felgaer"]
[WhiteElo "2658"]
[BlackElo "2593"]
[PlyCount "65"]

1. e4 c5 2. Nf3 Nc6 3. d4 cxd4 4. Nxd4 g6 5. c4 Nf6 6. Nc3 d6
7. Be2 Nxd4 8. Qxd4 Bg7 9. Be3 O-O 10. Qd2 Be6 11. Rc1 Qa5
12. f3 Rfc8 13. b3 a6 14. Na4 Qxd2+ 15. Kxd2 Nd7 16. g4 f5
17. gxf5 gxf5 18. Rhg1 Kh8 19. Bd3 f4 20. Bf2 Ne5 21. Ke2 Rc6
22. Nb6 Rf8 23. Nd5 Rf7 24. c5 Bh3 25. cxd6 exd6 26. Bd4 Ng6
27. Bf2 Ne5 28. Rc2 Rxc2+ 29. Bxc2 Nc6 30. Kd3 Ne5+ 31. Ke2
Nc6 32. Kd3 Ne5+ 33. Kd4 1/2-1/2

[Event "Capablanca Memorial (Elite)"]
[Site "Havana CUB"]
[Date "2005.05.06"]
[EventDate "2005.05.06"]
[Round "1"]
[Result "1/2-1/2"]
[White "Leinier Dominguez Perez"]
[Black "Vassily Ivanchuk"]
[WhiteElo "2658"]
[BlackElo "2739"]
[PlyCount "90"]

1. e4 c5 2. Nf3 Nc6 3. d4 cxd4 4. Nxd4 g6 5. c4 d6 6. Nc3 Nf6
7. Be2 Nxd4 8. Qxd4 Bg7 9. Be3 Be6 10. Rc1 Qa5 11. f3 O-O
12. Qd2 Rfc8 13. b3 a6 14. Na4 Qxd2+ 15. Kxd2 Nd7 16. g4 f5
17. exf5 gxf5 18. h3 Rf8 19. f4 Rad8 20. Nc3 d5 21. cxd5 Nf6
22. Rhg1 Nxd5 23. Nxd5 Bxd5 24. Ke1 e6 25. gxf5 Rxf5 26. Bd4
Rf7 27. Bh5 Rfd7 28. Rc3 Be4 29. Be5 Bg6 30. Bxg6 Rd1+ 31. Kf2
Rxg1 32. Bxh7+ Kxh7 33. Kxg1 Rd1+ 34. Kf2 Bxe5 35. fxe5 Rd2+
36. Ke3 Rxa2 37. Rc7+ Kg6 38. Rxb7 Kf5 39. Kd4 Rd2+ 40. Ke3
Rh2 41. Kd4 Rd2+ 42. Ke3 Rd5 43. Rb6 a5 44. b4 Rxe5+ 45. Kf3
axb4 1/2-1/2

[Event "Capablanca Memorial (Elite)"]
[Site "Havana CUB"]
[Date "2005.05.09"]
[EventDate "2005.05.06"]
[Round "4"]
[Result "0-1"]
[White "Leinier Dominguez Perez"]
[Black "Baadur Aleksandrovich Jobava"]
[WhiteElo "2658"]
[BlackElo "2637"]
[PlyCount "106"]

1. e4 c5 2. Nf3 d6 3. d4 cxd4 4. Nxd4 Nf6 5. Nc3 Nc6 6. Bg5 e6
7. Qd2 Be7 8. O-O-O O-O 9. Nb3 a5 10. a3 h6 11. Bxf6 Bxf6
12. Qxd6 Qxd6 13. Rxd6 a4 14. Nd2 Be7 15. Rd3 Ne5 16. Re3 Bg5
17. Re2 h5 18. Kb1 Rd8 19. Nf3 Nxf3 20. gxf3 Bd7 21. Re1 Bc6
22. Bd3 Rd6 23. Na2 Bf4 24. Nb4 Be8 25. h3 Ra5 26. Rd1 g6
27. Be2 Rxd1+ 28. Rxd1 Bc7 29. Rd4 Rg5 30. Rc4 Bb5 31. Rxc7
Bxe2 32. f4 Rg1+ 33. Ka2 Rh1 34. Rxb7 Rxh3 35. Nc6 Rf3 36. Nd4
Bc4+ 37. b3 axb3+ 38. Kb2 Rxf2 39. Kc3 bxc2 40. Nxc2 Bf1
41. Ne3 Rxf4 42. Kd4 Be2 43. Ng2 Rf2 44. Ne1 Bf1 45. Rb1 h4
46. Ke3 Ra2 47. Nf3 Rxa3+ 48. Kf4 Bg2 49. Ng5 h3 50. Rb8+ Kg7
51. Rb7 h2 52. Rxf7+ Kg8 53. Re7 Ra8 0-1

[Event "Capablanca Memorial (Elite)"]
[Site "Havana CUB"]
[Date "2005.05.10"]
[EventDate "2005.05.06"]
[Round "5"]
[Result "0-1"]
[White "Neuris Delgado Ramirez"]
[Black "Leinier Dominguez Perez"]
[WhiteElo "2567"]
[BlackElo "2658"]
[PlyCount "78"]

1. e4 c5 2. Nf3 d6 3. d4 cxd4 4. Nxd4 Nf6 5. Nc3 a6 6. Be2 e5
7. Nb3 Be7 8. O-O O-O 9. Re1 Be6 10. Bf1 Nbd7 11. Nd5 Nxd5
12. exd5 Bf5 13. a4 Rc8 14. c3 Bg6 15. a5 Bg5 16. Nd2 Nc5
17. Nc4 Bxc1 18. Rxc1 e4 19. Nb6 Rc7 20. b4 Nd3 21. Bxd3 exd3
22. Qd2 Re8 23. Rxe8+ Qxe8 24. Re1 Re7 25. Kf1 h5 26. h4 Rxe1+
27. Qxe1 Qd8 28. g3 Qf6 29. Kg2 Bf5 30. Nc4 Bd7 31. Nb6 Bg4
32. Qe8+ Kh7 33. Qe4+ Bf5 34. Qf4 Bh3+ 35. Kf3 Bg4+ 36. Ke3
Qxc3 37. Qe4+ g6 38. Qxd3 Qe1+ 39. Kd4 Qe5+ 0-1

[Event "Capablanca Memorial (Elite)"]
[Site "Havana CUB"]
[Date "2005.05.11"]
[EventDate "2005.05.06"]
[Round "6"]
[Result "1/2-1/2"]
[White "Leinier Dominguez Perez"]
[Black "Jesus Nogueiras"]
[WhiteElo "2658"]
[BlackElo "2533"]
[PlyCount "51"]

1. e4 e6 2. d4 d5 3. Nc3 Nf6 4. e5 Nfd7 5. f4 c5 6. Nf3 Nc6
7. Be3 a6 8. Qd2 b5 9. a3 Qa5 10. dxc5 Bxc5 11. Bxc5 Nxc5
12. Nd4 Qb6 13. Nxc6 Qxc6 14. b4 Ne4 15. Nxe4 dxe4 16. Rc1 Bb7
17. c4 bxc4 18. Rxc4 Qb6 19. Be2 Rd8 20. Qc3 O-O 21. Rc5 Rd5
22. O-O a5 23. Rc1 axb4 24. axb4 Ra8 25. Kf1 g6 26. b5 1/2-1/2

[Event "Capablanca Memorial (Elite)"]
[Site "Havana CUB"]
[Date "2005.05.12"]
[EventDate "2005.05.06"]
[Round "7"]
[Result "1/2-1/2"]
[White "Walter Arencibia Rodriguez"]
[Black "Leinier Dominguez Perez"]
[WhiteElo "2530"]
[BlackElo "2658"]
[PlyCount "93"]

1. d4 d5 2. c4 c6 3. Nf3 Nf6 4. e3 Bf5 5. Nc3 e6 6. Bd3 Bxd3
7. Qxd3 Nbd7 8. O-O Bb4 9. Bd2 a5 10. a3 Be7 11. Rfd1 O-O
12. e4 dxe4 13. Nxe4 Nxe4 14. Qxe4 Nf6 15. Qe2 Qb6 16. Bg5
Rfe8 17. Ne5 Qa6 18. Rd3 Rad8 19. Re1 b5 20. Rh3 Rxd4 21. Bxf6
Bxf6 22. Rxh7 Bxe5 23. Qh5 g6 24. Qxe5 Kxh7 25. Qxd4 Qc8
26. Qa7 Kg8 27. Qxa5 bxc4 28. Rd1 Qb8 29. Qc3 Qb5 30. h3 Rb8
31. Qf6 Qf5 32. Rd8+ Rxd8 33. Qxd8+ Kg7 34. Qd4+ Kg8 35. g4
Qb5 36. f4 Qb3 37. Kg2 Qc2+ 38. Kg3 Qb3+ 39. Kh4 Qf3 40. Qf6
Qb3 41. Qc3 Qb5 42. Qe5 Qb3 43. Kg5 Qxh3 44. a4 Qd3 45. Kh4
Qd8+ 46. g5 Qd2 47. a5 1/2-1/2

[Event "Capablanca Memorial (Elite)"]
[Site "Havana CUB"]
[Date "2005.05.13"]
[EventDate "2005.05.06"]
[Round "8"]
[Result "1-0"]
[White "Vassily Ivanchuk"]
[Black "Leinier Dominguez Perez"]
[WhiteElo "2739"]
[BlackElo "2658"]
[PlyCount "173"]

1. e4 e5 2. Bc4 Nf6 3. d3 c6 4. Nf3 d5 5. Bb3 Bd6 6. exd5 cxd5
7. Bg5 Nc6 8. Nc3 d4 9. Nd5 Be6 10. O-O Bxd5 11. Bxd5 h6
12. Bxf6 Qxf6 13. c3 dxc3 14. bxc3 O-O 15. Rb1 Rab8 16. Qa4
Bc5 17. Qe4 Bb6 18. Bxc6 bxc6 19. Qxe5 Qg6 20. Qe2 Rfe8
21. Qc2 Rbd8 22. Rfd1 Rd6 23. Rd2 Red8 24. Rbd1 Qf5 25. h3 Kf8
26. a4 Kg8 27. Ne1 Rg6 28. d4 Qg5 29. Re2 c5 30. Re5 Qf6
31. Rf5 Qd6 32. a5 Bc7 33. Nf3 cxd4 34. cxd4 Qc6 35. Qd3 Qa6
36. Rb5 Rgd6 37. d5 R6d7 38. Qc4 Qd6 39. Rc5 Bb8 40. Rc6 Qf4
41. Qc2 Be5 42. Nxe5 Qxe5 43. Rc5 g6 44. Qc4 Rd6 45. Rc8 Rxc8
46. Qxc8+ Kg7 47. Qc5 a6 48. g3 g5 49. Qc4 Kg8 50. Kg2 Kg7
51. Rd2 Kh7 52. Rd4 Kg7 53. Qd3 Kg8 54. Qd2 Kg7 55. Kh2 Kg8
56. Rd3 Kg7 57. Qd1 Kg8 58. Kg2 Kg7 59. Qf3 Kg8 60. Kh2 Kg7
61. Rd2 Kg8 62. Qg4 Kg7 63. Qc8 Rf6 64. Qb7 Rd6 65. Qa7 Kg8
66. Qd4 Qxd4 67. Rxd4 Kg7 68. Kg2 Kf6 69. f4 gxf4 70. gxf4 Ke7
71. Kf3 f5 72. Ke3 Rd8 73. d6+ Kd7 74. Rb4 Re8+ 75. Kd3 Kxd6
76. Rb6+ Kd5 77. Rf6 Re1 78. Rxf5+ Kc6 79. h4 Rd1+ 80. Ke4
Re1+ 81. Kf3 Re6 82. Kg4 Rg6+ 83. Kh5 Re6 84. Re5 Rf6 85. f5
Kd7 86. Kg4 Rd6 87. Re6 1-0

[Event "Capablanca Memorial (Elite)"]
[Site "Havana CUB"]
[Date "2005.05.16"]
[EventDate "2005.05.06"]
[Round "11"]
[Result "1-0"]
[White "Baadur Aleksandrovich Jobava"]
[Black "Leinier Dominguez Perez"]
[WhiteElo "2637"]
[BlackElo "2658"]
[PlyCount "107"]

1. d4 d5 2. c4 c6 3. Nc3 Nf6 4. Nf3 dxc4 5. a4 Bf5 6. Ne5 Nbd7
7. Nxc4 Nb6 8. Ne5 a5 9. e3 g6 10. Bd3 Bxd3 11. Nxd3 Bg7
12. Qb3 O-O 13. O-O Nfd7 14. Ne2 e5 15. dxe5 Nxe5 16. Nxe5
Bxe5 17. e4 Qc7 18. Bh6 Rfe8 19. f4 Bg7 20. Bxg7 Kxg7 21. Ng3
Nd7 22. Qc3+ Kg8 23. e5 Qb6+ 24. Rf2 Nc5 25. Rc1 Nb3 26. Re1
f5 27. exf6 Qb4 28. Re5 Qxc3 29. bxc3 Rxe5 30. fxe5 Nc5
31. Rf4 b5 32. Ne4 Nxe4 33. Rxe4 Kf7 34. Kf2 bxa4 35. Rxa4 Ke6
36. Ke3 Kxe5 37. f7 Kf6 38. Rxa5 Rd8 39. Ra7 Kg7 40. f8=Q+
Kxf8 41. Rxh7 Rd1 42. Rc7 Rd6 43. Kf4 Rd2 44. g4 Rxh2 45. Kg5
Re2 46. Rxc6 Re4 47. Rf6+ Ke7 48. Rxg6 Rc4 49. Rf6 Rxc3
50. Kg6 Rc8 51. g5 Rg8+ 52. Kh6 Rh8+ 53. Kg7 Rh1 54. Rf2 1-0

[Event "American Continental Championship"]
[Site "Buenos Aires ARG"]
[Date "2005.08.09"]
[EventDate "2005.08.06"]
[Round "4"]
[Result "1-0"]
[White "Leinier Dominguez Perez"]
[Black "Claudia Noemi Amura"]
[WhiteElo "2639"]
[BlackElo "2372"]
[PlyCount "93"]

1. e4 c5 2. Nf3 Nc6 3. Nc3 g6 4. d4 cxd4 5. Nxd4 Bg7 6. Be3
Nf6 7. Bc4 d6 8. f3 Qb6 9. Nf5 Qxb2 10. Nxg7+ Kf8 11. Nd5 Nxd5
12. Bxd5 Qc3+ 13. Kf2 Kxg7 14. Rb1 e5 15. Rb3 Qa5 16. Bxc6
bxc6 17. Qxd6 Rd8 18. Ra3 Rxd6 19. Rxa5 Rb8 20. Rxa7 Rb2
21. Rc1 Be6 22. a4 Bb3 23. Rb7 Rxc2+ 24. Rxc2 Bxc2 25. a5 c5
26. Rc7 c4 27. Rxc4 Bd3 28. Rc5 Re6 29. Bd2 h5 30. h4 Ba6
31. Bc3 f6 32. Rc7+ Kg8 33. g3 Bb5 34. Rb7 Ba6 35. Rc7 Bb5
36. Ke3 Rc6 37. Rxc6 Bxc6 38. f4 exf4+ 39. gxf4 Kf7 40. e5
fxe5 41. fxe5 Ke6 42. Kd4 g5 43. hxg5 Kf5 44. Kc5 h4 45. Be1
h3 46. Bg3 Bf3 47. Kd6 1-0

[Event "American Continental Championship"]
[Site "Buenos Aires ARG"]
[Date "2005.08.11"]
[EventDate "2005.08.06"]
[Round "6"]
[Result "1/2-1/2"]
[White "Leinier Dominguez Perez"]
[Black "Andres Rodriguez Vila"]
[WhiteElo "2639"]
[BlackElo "2523"]
[PlyCount "78"]

1. e4 e5 2. Nf3 Nc6 3. Bb5 a6 4. Ba4 Nf6 5. O-O b5 6. Bb3 Bc5
7. a4 Rb8 8. c3 d6 9. d4 Bb6 10. Na3 O-O 11. axb5 axb5
12. Nxb5 Bg4 13. Bc2 d5 14. h3 Bxf3 15. Qxf3 exd4 16. exd5
Qxd5 17. Qxd5 Nxd5 18. Be4 Nde7 19. Bf4 dxc3 20. bxc3 Rfc8
21. c4 Ng6 22. Bg3 Nce7 23. Bxg6 hxg6 24. Rfd1 Nf5 25. Bf4 Re8
26. Bxc7 Bxc7 27. Nxc7 Rec8 28. Ra7 Rb4 29. c5 Rc4 30. Rd5 Ne7
31. Rd7 Nc6 32. Rb7 Rxc5 33. Nd5 Ne5 34. Ne7+ Kf8 35. Nxc8
Nxd7 36. Nd6 Ke7 37. Nxf7 g5 38. h4 gxh4 39. f4 Kxf7 1/2-1/2

[Event "American Continental Championship"]
[Site "Buenos Aires ARG"]
[Date "2005.08.13"]
[EventDate "2005.08.06"]
[Round "8"]
[Result "1-0"]
[White "Leinier Dominguez Perez"]
[Black "Luis Alberto Rojas Keim"]
[WhiteElo "2639"]
[BlackElo "2437"]
[PlyCount "61"]

1. e4 e6 2. d4 d5 3. Nc3 Bb4 4. e5 c5 5. a3 Bxc3+ 6. bxc3 Qa5
7. Bd2 Qa4 8. Nf3 Nc6 9. dxc5 Qe4+ 10. Be3 Nxe5 11. Nxe5 Qxe5
12. Bb5+ Kf8 13. O-O Nf6 14. c4 a6 15. Ba4 Qc7 16. Rb1 Ne4
17. cxd5 Nc3 18. d6 Qd8 19. Qg4 Nxb1 20. Rxb1 Bd7 21. Rxb7 Qa5
22. Rb4 Bxa4 23. Qe4 Rc8 24. Qb7 Re8 25. h3 Kg8 26. c6 h6
27. d7 Rf8 28. Bb6 Bxc6 29. Bxa5 Bxb7 30. Rxb7 Kh7 31. c4 1-0